Estadísticas para Comunas de la Región del Biobío

Haz click aquí para intentar la prueba.

Estadísticas generales

  • Esta prueba ha sido intentada 16 veces
  • La puntuación promedio es 18 de 33

Estadísticas de respuestas

Comunas% Correcto
ConcepciónLota
100%
AraucoArauco
88%
ConcepciónConcepción
88%
ConcepciónTalcahuano
88%
ConcepciónCoronel
75%
AraucoLebu
75%
ConcepciónSan Pedro de La Paz
75%
AraucoCañete
63%
ConcepciónChiguayante
63%
ConcepciónFlorida
63%
ConcepciónHualpén
63%
ConcepciónHualqui
63%
BiobíoLaja
63%
BiobíoLos Ángeles
63%
BiobíoMulchén
63%
BiobíoNacimiento
63%
ConcepciónPenco
63%
BiobíoSan Rosendo
63%
BiobíoSanta Bárbara
63%
ConcepciónSanta Juana
63%
ConcepciónTomé
63%
AraucoLos Álamos
50%
BiobíoNegrete
50%
AraucoTirúa
50%
BiobíoAlto Biobío
38%
BiobíoCabrero
38%
BiobíoYumbel
38%
BiobíoAntuco
25%
BiobíoTucapel
25%
AraucoContulmo
13%
AraucoCuranilahue
13%
BiobíoQuilaco
13%
BiobíoQuilleco
13%

Distribución de puntuación

Porcentaje por número respondido

Porcentaje de gente con cada puntuación

Historial de tus puntuaciones

No has intentado esta prueba.